Normal view
MARC view
- Low-volume roads.
Entry Topical Term
001 - CONTROL NUMBER
- control field: 21210
003 - CONTROL NUMBER IDENTIFIER
- control field: NUST
005 - DATE AND TIME OF LATEST TRANSACTION
- control field: 20190924125847.0
008 - FIXED-LENGTH DATA ELEMENTS
- fixed length control field: 190924|| aca||aabn | a|a d
040 ## - CATALOGING SOURCE
- Original cataloging agency: NUST
- Transcribing agency: NUST
150 ## - HEADING--TOPICAL TERM
- Topical term or geographic name entry element: Low-volume roads.
670 ## - SOURCE DATA FOUND
- Source citation: Work cat.: (NUST)0: National Research Council (U.S.). Transportation Research Board. 19676, PCC pavements for low-volume roads and city streets :, 1975.
